Alaṅkāra-pīyūṣa. (Record no. 64481)

MARC details
000 -LEADER
fixed length control field 00716cam a22002411 4500
001 - CONTROL NUMBER
control field sa 65005982
003 - CONTROL NUMBER IDENTIFIER
control field DLC
005 - DATE AND TIME OF LATEST TRANSACTION
control field 20260227112140.0
008 - FIXED-LENGTH DATA ELEMENTS--GENERAL INFORMATION
fixed length control field 881029s1962 ii 000 0 hin
010 ## - LIBRARY OF CONGRESS CONTROL NUMBER
LC control number sa 65005982
035 ## - SYSTEM CONTROL NUMBER
System control number (OCoLC)18688193
040 ## - CATALOGING SOURCE
Original cataloging agency DLC
Transcribing agency NRU
Modifying agency DLC
042 ## - AUTHENTICATION CODE
Authentication code premarc
050 00 - LIBRARY OF CONGRESS CALL NUMBER
Classification number PK575
Item number .R3
100 1# - MAIN ENTRY--PERSONAL NAME
Personal name Rai, Ganga Sagar
245 10 - TITLE STATEMENT
Title Alaṅkāra-pīyūṣa.
Statement of responsibility, etc. Lekhaka Gangāsāgara Rāya.
250 ## - EDITION STATEMENT
Edition statement [1. saṃskaraṇa]
260 ## - PUBLICATION, DISTRIBUTION, ETC.
Place of publication, distribution, etc. Vārāṇasī,
Name of publisher, distributor, etc. Caukhambā Vidyābhavan
Date of publication, distribution, etc. [1962]
300 ## - PHYSICAL DESCRIPTION
Extent 9, 68 p.
Dimensions 18 cm.
440 #0 - SERIES STATEMENT/ADDED ENTRY--TITLE
Title Vidyābhavan saṃskr̥ta granthaml̄ā,
Volume/sequential designation 71
500 ## - GENERAL NOTE
General note Hindi and Sanskrit; introd. in Hindi.
650 #0 - SUBJECT ADDED ENTRY--TOPICAL TERM
Topical term or geographic name entry element Sanskrit language
General subdivision Rhetoric.

No items available.

Powered by Koha